Central Library OPAC University of Rajshahi

Secondary modern science teaching : (Record no. 49954)

MARC details
000 -LEADER
fixed length control field 00821cam a22002531 4500
001 - CONTROL NUMBER
control field 49954
003 - CONTROL NUMBER IDENTIFIER
rucl marc code BD-RjUL
005 - DATE AND TIME OF LATEST TRANSACTION
control field 20211209075433.0
008 - FIXED-LENGTH DATA ELEMENTS--GENERAL INFORMATION
fixed length control field 160823s1954 enka 000 0 eng
035 ## - SYSTEM CONTROL NUMBER
System control number (BD-RjUL)50074
System control number (OCoLC)2891119
040 ## - CATALOGING SOURCE
Original cataloging agency DLC
Transcribing agency ScU
Modifying agency Uk
-- DLC
Language of cataloging eng
041 ## - LANGUAGE CODE
Language code of text/sound track or separate title eng
082 ## - DEWEY DECIMAL CLASSIFICATION NUMBER
Edition number 23
Classification number 373
Author mark and year SEC 1954
110 2# - MAIN ENTRY--CORPORATE NAME
Corporate name or jurisdiction name as entry element Science Masters' Association.
9 (RLIN) 149710
245 10 - TITLE STATEMENT
Title Secondary modern science teaching :
Remainder of title a report on the teaching of science in secondary modern schools /
Statement of responsibility, etc. prepared by the Secondary Modern Schools Sub-committee.
250 ## - EDITION STATEMENT
Edition statement 2nd edi.
260 ## - PUBLICATION, DISTRIBUTION, ETC. (IMPRINT)
Place of publication, distribution, etc. London :
Name of publisher, distributor, etc. Murray,
Date of publication, distribution, etc. 1954
300 ## - PHYSICAL DESCRIPTION
Pagination xi, 171 p. :
Illustrations ill. ;
Size 23 cm.
505 0# - FORMATTED CONTENTS NOTE
Formatted contents note part 1 --
650 #0 - SUBJECT ADDED ENTRY--TOPICAL TERM
Topical term or geographic name as entry element Science
General subdivision Study and teaching (Secondary)
9 (RLIN) 139702
942 ## - ADDED ENTRY ELEMENTS (KOHA)
Source of classification or shelving scheme Dewey Decimal Classification
Koha item type Books
Holdings
Lost status Source of classification or shelving scheme Damaged status Not for loan Collection code Permanent Location Current Location Shelving location Date acquired Source of acquisition Cost, normal purchase price Total Checkouts Full call number Date last seen Copy number Koha item type
  Dewey Decimal Classification     Non-fiction Central Library, University of Rajshahi Central Library, University of Rajshahi   01/06/1955 Pakistani law house 4.11   373 SEC Pt-1 1954 23/08/2016 C-2 Books